000 00702nam a2200253Ia 4500
003 OSt
005 20220927110739.0
006 a|||||r|||| 00| 0
007 ta
008 220926b |||||||| |||| 00| 0 eng d
024 _a66766
037 _cReports
040 _aRTL
_cRTL
_beng
041 _2eng
_aeng
082 _a"X7.4498s, H9/GD"
110 _aInformation (Deptt.of)
_9380116
245 0 _aSix-year plan for Ceylon
_b Budget speech
260 _aColombo
_bGovt. Press
_c1978
490 _v1947-48
_aBuilding the Nation series.1
650 _aFinance
700 _aInformation (Deptt.of)
_9380117
942 _h"X7.4498s, H9/GD"
_cCC
999 _c697818
_d697818